000
00245nam a2200097Ia 4500
008
231212s1988 xx 000 0 und d
041
_a
eng
100
_a
De. Das P.N.
245
_a
An Introducation To telephony
260
_a
Calcutta
_b
Holt Sa
_c
1988
999
_c
960313
_d
960313